000 00305nam a2200109 4500
999 _c516033
_d516033
082 _aTNC I51 K29
100 _aKnapp, John, G. Charter, Jimmy.
_922335
245 _aFor the common good
260 _aLondon
_bPraeger
_c2007
300 _a174p,
650 _aLeadership – Moral and ethical aspects
_922336